000 00270nam a22001217a 4500
008 180522b xxu||||| |||| 00| 0 eng d
041 _aeng
080 _a043.3
100 _a0
101 _aMBE-MTH
245 _aObjekt afarist banesor B+P+4
_cKodra,B
942 _2udc
_cBK
999 _c46182
_d46182